Analyzing the economics of financial market infrastructures / (Record no. 3563)
[ view plain ]
| 000 -LEADER | |
|---|---|
| fixed length control field | 00789cam a2200217 i 4500 |
| 001 - CONTROL NUMBER | |
| control field | 23264731 |
| 005 - DATE AND TIME OF LATEST TRANSACTION | |
| control field | 20250207164823.0 |
| 006 - FIXED-LENGTH DATA ELEMENTS--ADDITIONAL MATERIAL CHARACTERISTICS | |
| fixed length control field | m |o d | |
| 007 - PHYSICAL DESCRIPTION FIXED FIELD--GENERAL INFORMATION | |
| fixed length control field | cr ||||||||||| |
| 008 - FIXED-LENGTH DATA ELEMENTS--GENERAL INFORMATION | |
| fixed length control field | 150529s2016 paua ob 001 0 eng |
| 020 ## - INTERNATIONAL STANDARD BOOK NUMBER | |
| International Standard Book Number | 9781466687479 |
| Qualifying information | ebook |
| 020 ## - INTERNATIONAL STANDARD BOOK NUMBER | |
| Canceled/invalid ISBN | 9781466687455 |
| Qualifying information | hbk. : alk. paper |
| 050 00 - LIBRARY OF CONGRESS CALL NUMBER | |
| Classification number | HG181 |
| 082 00 - DEWEY DECIMAL CLASSIFICATION NUMBER | |
| Classification number | 332/.04150973 |
| Edition information | 23 |
| 245 00 - TITLE STATEMENT | |
| Title | Analyzing the economics of financial market infrastructures / |
| Statement of responsibility, etc. | Martin Diehl, Biliana Alexandrova-Kabadjova, Richard Heuver, and Serafin Martinez-Jaramillo, [editors[. |
| 300 ## - PHYSICAL DESCRIPTION | |
| Extent | 1 online resource (xxvi, 410 pages) |
| 650 #0 - SUBJECT ADDED ENTRY--TOPICAL TERM | |
| Topical term or geographic name entry element | Financial institutions |
| Geographic subdivision | United States. |
| 650 #0 - SUBJECT ADDED ENTRY--TOPICAL TERM | |
| Topical term or geographic name entry element | Financial institutions |
| General subdivision | Law and legislation |
| Geographic subdivision | United States. |
| 700 1# - ADDED ENTRY--PERSONAL NAME | |
| Personal name | Diehl, Martin, |
| Relator term | editor. |
| 942 ## - ADDED ENTRY ELEMENTS (KOHA) | |
| Source of classification or shelving scheme | Library of Congress Classification |
| Koha item type | Books |
| Suppress in OPAC | No |
| 999 ## - | |
| -- | 3563 |
| -- | 3563 |
| Withdrawn status | Lost status | Source of classification or shelving scheme | Damaged status | Not for loan | Collection | Home library | Current library | Shelving location | Date acquired | Total checkouts | Full call number | Barcode | Date last seen | Copy number | Price effective from | Koha item type |
|---|---|---|---|---|---|---|---|---|---|---|---|---|---|---|---|---|
| Library of Congress Classification | Non-fiction | Business Library (Miotso) | Business Library (Miotso) | General stacks | 03/11/2026 | HG181.A595 ANA | BSSM00002486 | 03/11/2026 | 2 | 03/11/2026 | Books | |||||
| Library of Congress Classification | Non-fiction | Business Library (Miotso) | Business Library (Miotso) | General stacks | 03/11/2026 | HG181.A595 ANA | BSSM00002487 | 03/11/2026 | 3 | 03/11/2026 | Books | |||||
| Library of Congress Classification | Non-fiction | Business Library (Miotso) | Business Library (Miotso) | General stacks | 03/11/2026 | HG181.A595 ANA | BSSM00002488 | 03/11/2026 | 4 | 03/11/2026 | Books | |||||
| Library of Congress Classification | Non-fiction | Business Library (Miotso) | Business Library (Miotso) | General stacks | 03/11/2026 | HG181.A595 ANA | BSSM00002489 | 03/11/2026 | 5 | 03/11/2026 | Books | |||||
| Library of Congress Classification | Non-fiction | Business Library (Miotso) | Business Library (Miotso) | General stacks | 03/11/2026 | HG181.A595 ANA | BSSM00002490 | 03/11/2026 | 6 | 03/11/2026 | Books | |||||
| Library of Congress Classification | Non-fiction | Undergraduate Library (Christ Temple) | Undergraduate Library (Christ Temple) | General stacks | 02/07/2025 | HG181.A595 ANA | ulct00001096 | 02/07/2025 | 1 | 02/07/2025 | Books |